000 00733nam a2200265Ia 4500
005 20260121170701.0
008 008 260114s9999 xx 000 0 eng d
020 _a9783319894744
037 _aEBOOK
040 _aCRL
040 _beng
040 _cCRL
041 _2eng
041 _aeng
084 _qCRL
100 _aManuel Pedro Rodríguez Bolívar, Laura Alcaide Muñoz
_91066892
245 0 _aE-Participation in Smart Cities: Technologies and Models of Governance for Citizen Engagement
260 _bSpringer
260 _bSpringer
260 _c2019
856 _uhttps://link.springer.com/openurl?genre=book&isbn=978-3-319-89474-4
942 _cEBOOK
999 _c1632622
_d1632622